Využívanie odpadového papiera

Využitie použitého papiera ako cennej druhotnej suroviny, tzv. zberový papier. Stúpajúci trend spotreby papiera a lepeniek ako smerodajný overený ukazovateľ ekonomickej a kultúrnej úrovne spoločnosti. Organizovanie zberu a využívanie odpadového papiera na Slovensku.

Guardado en:
Detalles Bibliográficos
Autor principal: Mazák, Š.
Formato: Capítulo de libro
Lenguaje:eslovaco
Materias:
Etiquetas: Agregar Etiqueta
Sin Etiquetas, Sea el primero en etiquetar este registro!

MARC

LEADER 00000naa a2200000 4500
001 r026201
005 20230825080144.8
041 0 |a slo 
044 |a SK 
245 1 0 |a Využívanie odpadového papiera  |c Š. Mazák 
520 |a Využitie použitého papiera ako cennej druhotnej suroviny, tzv. zberový papier. Stúpajúci trend spotreby papiera a lepeniek ako smerodajný overený ukazovateľ ekonomickej a kultúrnej úrovne spoločnosti. Organizovanie zberu a využívanie odpadového papiera na Slovensku. 
610 2 0 |a papier 
610 2 0 |a využitie odpadu 
610 2 0 |a suroviny druhotné 
610 2 0 |a hospodárstvo odpadové 
610 2 0 |a Slovensko 
100 1 |a Mazák, Š.